[Event "Zhongshan zt 3.5"]
[Site "Zhongshan"]
[Date "2014.11.05"]
[Round "11"]
[White "Zhang, Xiaopeng"]
[Black "Lan, Zilun"]
[Result "1-0"]
[WhiteElo "2228"]
[BlackElo "2147"]
[PlyCount "83"]
[EventDate "2014.10.26"]
[EventType "swiss"]
[EventRounds "11"]
[EventCountry "CHN"]
[SourceTitle "EXT 2015"]
[Source "ChessBase"]
[SourceDate "2014.11.20"]
[SourceVersion "1"]
[SourceVersionDate "2014.11.20"]
[SourceQuality "1"]

1. e4 c6 2. d4 g6 3. Nc3 Bg7 4. Be3 d5 5. e5 c5 6. f4 Nc6 7. Nf3 Bg4 8. Be2 cxd4 9. Nxd4 Bxe2 10. Qxe2 Nxd4 11. Bxd4 e6 12. Nb5 Qa5+ 13. b4 Qxb4+ 14. c3 Qa5 15. Nd6+ Kf8 16. Nxb7 Qa4 17. 0-0 Ne7 18. Rab1 Nc6 19. Bc5+ Kg8 20. Nd6 Bf8 21. Rb7 Nd8 22. Rb4 Qc6 23. Qf2 Bxd6 24. Bxd6 Qd7 25. Rfb1 Kg7 26. Qh4 Re8 27. Qf6+ Kg8 28. h4 a5 29. h5 h6 30. R4b3 Kh7 31. c4 dxc4 32. Rh3 Rg8 33. Bf8 Rxf8 34. hxg6+ fxg6 35. Qxf8 h5 36. Qd6 Qa7+ 37. Kh1 Rc8 38. Rc3 Kg8 39. Rd1 Qf2 40. Qe7 Nf7 41. Qxe6 Qh4+ 42. Kg1 1-0

[Event "Zhongshan zt 3.5"]
[Site "Zhongshan"]
[Date "2014.11.01"]
[Round "7"]
[White "Zhang, Xiaopeng"]
[Black "Yang, Jie"]
[Result "1-0"]
[WhiteElo "2228"]
[BlackElo "2325"]
[PlyCount "75"]
[EventDate "2014.10.26"]
[EventType "swiss"]
[EventRounds "11"]
[EventCountry "CHN"]
[SourceTitle "EXT 2015"]
[Source "ChessBase"]
[SourceDate "2014.11.20"]
[SourceVersion "1"]
[SourceVersionDate "2014.11.20"]
[SourceQuality "1"]

1. e4 e5 2. Nf3 Nc6 3. Bb5 Nf6 4. d3 Bc5 5. c3 0-0 6. Bxc6 bxc6 7. Nxe5 d5 8. d4 Bb6 9. exd5 Qxd5 10. Qf3 Qxf3 11. Nxf3 Re8+ 12. Be3 c5 13. 0-0 Ng4 14. Nbd2 cxd4 15. Bxd4 c5 16. Rfe1 Rxe1+ 17. Rxe1 Be6 18. Be3 Rd8 19. Bg5 Rd3 20. h3 h6 21. Be7 Nf6 22. Nb3 Nd7 23. Nc1 Rd5 24. c4 Rh5 25. b3 a5 26. Bd6 a4 27. Ne2 Ba5 28. Rd1 Rf5 29. Ng3 Rf6 30. Ne4 Rf5 31. Rd3 axb3 32. axb3 h5 33. g4 hxg4 34. hxg4 Rxf3 35. Rxf3 Bxg4 36. Rg3 f5 37. Nxc5 Nf6 38. Re3 1-0